书目信息 |
| 题名: |
舞蹈批评文选
|
|
| 作者: | 李杰明 著 | |
| 分册: | ||
| 出版信息: | 北京 中国文史出版社 2016 |
|
| 页数: | 11, 310页 | |
| 开本: | 21cm | |
| 丛书名: | ||
| 单 册: | ||
| 中图分类: | J705.1-53 | |
| 科图分类: | ||
| 主题词: | 舞蹈评论--Wu Dao Ping Lun--世界--文集 | |
| 电子资源: | ||
| ISBN: | 978-7-5034-6670-0 | |
| 000 | 00969nam0 22002531 450 | |
| 001 | 0101082359 | |
| 005 | 20161202101624.34 | |
| 010 | @a978-7-5034-6670-0@dCNY28.00 | |
| 100 | @a20151128d2016 em y0chiy50 ea | |
| 101 | 0 | @achi |
| 102 | @aCN@b110000 | |
| 105 | @ay z 001yy | |
| 106 | @ar | |
| 200 | 1 | @a舞蹈批评文选@AWu Dao Pi Ping Wen Xuan@f李杰明著 |
| 210 | @a北京@c中国文史出版社@d2016 | |
| 215 | @a11, 310页@d21cm | |
| 314 | @a李杰明: 50后, 69届; 上学少, 折腾多。 | |
| 320 | @a有索引 | |
| 330 | @a本书作者从文艺批评的角度, 对舞蹈文化中的一些状况, 包括舞种研究、文本分析、学科理念、名人名作, 尤其是在舞蹈哲学及逻辑, 舞蹈表演及情感与想象等方面, 提出了一些舞蹈本体意义上的个人见解。本书名为批评, 意在建设。希望借此为助力, 推进舞蹈基础理论和应用理论的长足发展。 | |
| 606 | 0 | @a舞蹈评论@AWu Dao Ping Lun@y世界@j文集 |
| 690 | @aJ705.1-53@v5 | |
| 701 | 0 | @a李杰明@ALi Jie Ming@4著 |
| 801 | 0 | @aCN@bTANGWEI@c20161128 |
| 905 | @b0950635-9@dJ705.1-53@e142@f5 | |
| 舞蹈批评文选/李杰明著.-北京:中国文史出版社,2016 |
| 11, 310页;21cm |
| ISBN 978-7-5034-6670-0:CNY28.00 |
| 本书作者从文艺批评的角度, 对舞蹈文化中的一些状况, 包括舞种研究、文本分析、学科理念、名人名作, 尤其是在舞蹈哲学及逻辑, 舞蹈表演及情感与想象等方面, 提出了一些舞蹈本体意义上的个人见解。本书名为批评, 意在建设。希望借此为助力, 推进舞蹈基础理论和应用理论的长足发展。 |
| ● |
| 相关链接 |
|
|
|
|
正题名:舞蹈批评文选
索取号:J705.1-53/142
 
预约/预借
| 序号 | 登录号 | 条形码 | 馆藏地/架位号 | 状态 | 备注 |
| 1 | 0950635 | 209506355 | 第一样本阅览室/ [索取号:J705.1-53/142] | 在馆 | |
| 2 | 0950636 | 209506364 | 第一借阅区/ [索取号:J705.1-53/142] | 在馆 | |
| 3 | 0950637 | 209506373 | 第一借阅区/ [索取号:J705.1-53/142] | 在馆 | |
| 4 | 0950638 | 209506382 | 第一借阅区/ [索取号:J705.1-53/142] | 在馆 | |
| 5 | 0950639 | 209506391 | 第一借阅区/ [索取号:J705.1-53/142] | 在馆 |